Países que empiezan por I - Estadísticas

Estadísticas generales
  • Esta prueba ha sido intentada 448 veces
  • La puntuación promedio es 8 de 10
Estadísticas de respuestas
Respuesta % Correcto
Irlanda
92%
Islandia
91%
Indonesia
89%
Irán
88%
India
87%
Irak
87%
Italia
77%
Islas Marshall
75%
Islas Salomón
72%
Israel
55%
No se encontraron pruebas coincidentes
Distribución de puntuación
Porcentaje de gente con cada puntuación
Porcentaje por número respondido
Historial de tus puntuaciones
No has intentado esta prueba.